Countries Without FedEx Quiz Stats

 Plays Quiz Updated May 16, 2016

Challenge
Share
Tweet
Embed
Score 0/19 Timer 06:00
1 Play Today
Country % Correct
Cuba
72.1%
North Korea
71.8%
Iran
61.9%
Somalia
61.2%
Sudan
60.4%
Syria
54.9%
Tuvalu
50.3%
Nauru
48.8%
Myanmar
45.9%
Kiribati
45.8%
Country % Correct
Solomon Islands
43%
Central African Republic
42.3%
Turkmenistan
37.2%
Tajikistan
36.1%
Comoros
36.1%
Sierra Leone
35.2%
São Tomé and Príncipe
34%
Equatorial Guinea
33%
Guinea-Bissau
32.2%

You're not logged in!

Compare scores with friends on all Sporcle quizzes.
OR
Log In

You Might Also Like...

Show Comments

Extras

Top Quizzes Today


Score Distribution

Your Account Isn't Verified!

In order to create a playlist on Sporcle, you need to verify the email address you used during registration. Go to your Sporcle Settings to finish the process.

Report this User

Report this user for behavior that violates our Community Guidelines.

Details: